| 000 | 00536nam a2200157 a 4500 | ||
|---|---|---|---|
| 008 | 061113s1973 ||||||||||||||||| || u | ||
| 020 | _a0140213007 | ||
| 050 | _aHA 29 Huf | ||
| 100 | _aHuff, Darrell | ||
| 245 | 1 | 0 | _aHow to lie with statistics |
| 260 |
_aU.K _bCox AND Wyman _c1973 |
||
| 300 | _a124p. ; ill. | ||
| 350 | _a0.00 | ||
| 650 | 3 | _aP0PULATION STATISTICS | |
| 995 |
_D0.00 _FCBU-MAIN LIBRARY (Kitwe) _H1 _I0.00 _M1 _UAVAILABLE _WNov 13, 2006 _ZMain Library Open Access Collection |
||
| 999 |
_c45812 _d45812 |
||